[Event "World Amateur-ch"]
[Site "Chalkidiki"]
[Date "2015.04.18"]
[Round "6"]
[White "Gomez, Carlos Alberto"]
[Black "Magallanes, Gustavo"]
[Result "1-0"]
[WhiteElo "1796"]
[BlackElo "1950"]
[PlyCount "81"]
[EventDate "2015.04.14"]
[EventType "team-swiss"]
[EventRounds "9"]
[EventCountry "GRE"]
[SourceTitle "CBM 166 Extra"]
[Source "ChessBase"]
[SourceDate "2015.06.18"]
[SourceVersion "1"]
[SourceVersionDate "2015.06.18"]
[SourceQuality "1"]

1. d4 Nf6 2. c4 c5 3. d5 b5 4. cxb5 a6 5. bxa6 g6 6. Nc3 Bg7 7. g3 d6 8. Bg2 Nbd7 9. Nf3 Nb6 10. Rb1 Bf5 11. Ra1 Qc8 12. Nh4 Bh3 13. 0-0 Bxg2 14. Nxg2 Qxa6 15. Ne3 0-0 16. Qc2 Rfb8 17. Rd1 Ne8 18. Bd2 Nc4 19. Nxc4 Qxc4 20. b3 Qg4 21. Kg2 c4 22. Rab1 Rc8 23. b4 Nf6 24. f3 Qd7 25. a4 Qa7 26. a5 Nd7 27. Ra1 Rab8 28. Rdb1 Qd4 29. Ra3 Ne5 30. Be1 Qa7 31. Bf2 Qd7 32. b5 e6 33. a6 Nxf3 34. exf3 Bxc3 35. a7 Ra8 36. Qxc3 Qb7 37. dxe6 fxe6 38. b6 d5 39. Qf6 Rf8 40. Qxe6+ Rf7 41. Bd4 1-0

[Event "Neiva op 15th"]
[Site "Neiva"]
[Date "2014.11.17"]
[Round "7"]
[White "Gomez, Carlos Alberto"]
[Black "Calderon Zuta, Nicolas"]
[Result "1-0"]
[WhiteElo "2025"]
[BlackElo "1739"]
[PlyCount "103"]
[EventDate "2014.11.14"]
[EventType "swiss"]
[EventRounds "7"]
[EventCountry "COL"]
[SourceTitle "CBM 163 Extra"]
[Source "ChessBase"]
[SourceDate "2014.12.23"]
[SourceVersion "1"]
[SourceVersionDate "2014.12.23"]
[SourceQuality "1"]

1. d4 Nf6 2. Nf3 g6 3. g3 Bg7 4. Bg2 0-0 5. 0-0 Re8 6. c4 d5 7. Nc3 c6 8. cxd5 Nxd5 9. Bd2 Bg4 10. Nxd5 cxd5 11. Ne5 Bf5 12. Qb3 Nc6 13. Nxc6 bxc6 14. Bc3 Qb6 15. Qa4 e5 16. dxe5 Bxe5 17. Bxe5 Rxe5 18. e3 a5 19. b3 Rc8 20. Rfd1 h5 21. Rac1 Ree8 22. Qd4 Qa6 23. Rc5 Bd7 24. Bf1 Qa8 25. Qa4 Qb7 26. Rxa5 Ra8 27. Ba6 Qb6 28. b4 Reb8 29. a3 Be8 30. Rc1 c5 31. b5 Rb7 32. Rxc5 Rxa6 33. bxa6 Bxa4 34. axb7 Qxb7 35. Rxa4 Qe7 36. Rxd5 Qe6 37. Rad4 Kg7 38. h4 Qa6 39. a4 Qe2 40. Rd7 Kf8 41. Rf4 f5 42. Rfd4 Qe1+ 43. Kg2 Qa5 44. R7d5 Qc3 45. a5 Qc6 46. Kh2 Qc7 47. Rd8+ Ke7 48. R4d7+ Qxd7 49. Rxd7+ Kxd7 50. Kg2 Kc6 51. Kf3 Kb5 52. Kf4 1-0

[Event "Neiva op 15th"]
[Site "Neiva"]
[Date "2014.11.16"]
[Round "4"]
[White "Pereira Vera, Henry Alberto"]
[Black "Gomez, Carlos Alberto"]
[Result "1-0"]
[WhiteElo "2019"]
[BlackElo "2025"]
[PlyCount "57"]
[EventDate "2014.11.14"]
[EventType "swiss"]
[EventRounds "7"]
[EventCountry "COL"]
[SourceTitle "CBM 163 Extra"]
[Source "ChessBase"]
[SourceDate "2014.12.23"]
[SourceVersion "1"]
[SourceVersionDate "2014.12.23"]
[SourceQuality "1"]

1. b3 e5 2. Bb2 Nc6 3. c4 Nf6 4. e3 d5 5. cxd5 Nxd5 6. a3 Be7 7. Qc2 0-0 8. Bb5 Rb8 9. Bxc6 bxc6 10. Bxe5 Be6 11. Nf3 c5 12. d3 f6 13. Bb2 Bd6 14. 0-0 Ne7 15. Nbd2 Nc6 16. Nc4 Qe8 17. d4 Qf7 18. Rfc1 Rb5 19. b4 Bxc4 20. Qxc4 Qxc4 21. Rxc4 Na5 22. bxa5 Rxb2 23. dxc5 Be7 24. Nd4 Kf7 25. Nc6 Rb5 26. Nxe7 Kxe7 27. a4 Rxa5 28. Rd1 Rf7 29. Re4+ 1-0

[Event "Bogota McGregor op 4th"]
[Site "Bogota"]
[Date "2013.12.06"]
[Round "5"]
[White "Guio, Josue"]
[Black "Gomez, Carlos Alberto"]
[Result "1-0"]
[WhiteElo "1863"]
[BlackElo "2025"]
[PlyCount "55"]
[EventDate "2013.12.04"]
[EventType "swiss"]
[EventRounds "9"]
[EventCountry "COL"]
[SourceTitle "CBM 157 Extra"]
[Source "ChessBase"]
[SourceDate "2013.12.19"]
[SourceVersion "1"]
[SourceVersionDate "2013.12.19"]
[SourceQuality "1"]

1. e4 c5 2. Nf3 d6 3. d4 cxd4 4. Nxd4 Nf6 5. Nc3 a6 6. Bg5 e6 7. Be2 Be7 8. Qd2 Nc6 9. 0-0-0 Qc7 10. Kb1 Bd7 11. f4 0-0-0 12. Nf3 h6 13. Bh4 Kb8 14. Na4 Na5 15. Nc3 Rc8 16. e5 d5 17. exf6 gxf6 18. Bf2 Rhg8 19. g3 Nc4 20. Bxc4 Qxc4 21. Qd4 Qc6 22. Qa7+ Kc7 23. Rhe1 Bb4 24. Qd4 Be7 25. Nxd5+ exd5 26. Rxe7 Kd8 27. Re2 Re8 28. Qb6+ 1-0

[Event "CFriend SI-2004-0-00023 email"]
[Site "Chessfriend.com"]
[Date "2004.07.27"]
[Round "1"]
[White "Makeyev, Alexey"]
[Black "Gomez, Carlos Alberto"]
[Result "1-0"]
[WhiteElo "1915"]
[BlackElo "1716"]
[PlyCount "43"]
[EventDate "2004.??.??"]
[EventType "tourn (corr)"]
[EventRounds "8"]
[SourceTitle "Corr 2024"]
[Source "ChessBase"]
[SourceDate "2023.10.19"]
[SourceVersion "1"]
[SourceVersionDate "2023.10.19"]
[SourceQuality "1"]

1. Nf3 b6 2. g3 Bb7 3. Bg2 g6 4. 0-0 Bg7 5. d4 Nf6 6. c4 0-0 7. Nc3 d6 8. Bf4 Nbd7 9. Qd2 Re8 10. Bh6 e5 11. d5 Re7 12. Bxg7 Kxg7 13. b4 h6 14. a3 a6 15. e4 Nh7 16. Rfc1 Re8 17. Ne1 f5 18. exf5 gxf5 19. f4 Nhf6 20. Nc2 Rb8 21. Ne3 Kg6 22. fxe5 1-0

[Event "CFriend SI-2003-0-00004 email"]
[Site "Chessfriend.com"]
[Date "2003.02.27"]
[Round "1"]
[White "Gomez, Carlos Alberto"]
[Black "Csoma, Robert"]
[Result "0-1"]
[WhiteElo "1691"]
[BlackElo "1504"]
[PlyCount "33"]
[EventDate "2003.02.27"]
[EventType "tourn (corr)"]
[EventRounds "12"]
[SourceTitle "Corr 2024"]
[Source "ChessBase"]
[SourceDate "2023.10.19"]
[SourceVersion "1"]
[SourceVersionDate "2023.10.19"]
[SourceQuality "1"]

1. e4 d6 2. d4 Nf6 3. Nc3 g6 4. f4 Bg7 5. Nf3 0-0 6. Bd3 Bg4 7. h3 Bxf3 8. Qxf3 c6 9. Be3 a5 10. a4 Na6 11. 0-0 Nb4 12. Rad1 Nxd3 13. Rxd3 Qc7 14. Qf2 Rab8 15. d5 b5 16. dxc6 bxa4 17. e5 0-1